| 000 | 00451nam a2200157 4500 | ||
|---|---|---|---|
| 001 | 126272 | ||
| 003 | ES-MaACL | ||
| 007 | t| | ||
| 008 | 070214s1912 fr r ||||1| fre d | ||
| 100 | 1 |
_aRemond, Antoine. _996146 |
|
| 245 | 1 | 3 |
_aLe génie littéraire / _cpar les Docteurs A. Rémond, Paul Voivenel. |
| 260 |
_aParis : _bFélix Alcan, _c1912. |
||
| 300 |
_a303 p. ; _c22 x 14 cm. |
||
| 700 | 1 |
_aVoivenel, Paul. _9115684 |
|
| 852 |
_aES-MaACL _jB-7046 |
||
| 999 |
_c126272 _d126272 |
||